000
00309nam a22001337a 4500
003
NUST - PNEC
005
20170116181117.0
008
151004b xxu||||| |||| 00| 0 eng d
040
_c
LIBRARY
082
_a
671.942 BOW
245
_a
The book of the lathe
_c
Bower, C.T.
260
_c
1955
942
_2
ddc
_c
BK
999
_c
69378
_d
69378